000 00896nac a22002651u 4500
010 _a 2002019456
020 _a0789490102 (alk. paper)
035 _a(DLC) 2002019456
035 _a(DLC)4551
082 0 0 _a658.4
090 _c2541
_d2541
100 _a20080729
245 0 0 _aSuccessful manager's handbook /
_cMoi Ali ... [et al.].
246 3 0 _aDK successful manager's handbook
250 _a1st American ed.
260 _aNew York :
_bDK Pub.,2002
_c2002.
300 _a864 p. :
_bcol. ill. ;
_c22 cm.
500 _aIncludes index.
650 0 _aManagement.
650 0 _aOrganizational behavior.
650 0 _aInterpersonal communication.
700 1 _aAli, Moi.
942 _cBB
_k658.4
999 _c2541
_d2541